000 01389cam a2200337 i 4500
001 3959383
003 EG-ScBUE
005 20241031081815.0
008 940407r20081995enk f b 001 0 eng d
020 _a0521470145
020 _a9780521059831
040 _aDLC
_beng
_erda
_cDLC
_dDLC
_dEG-ScBUE
082 0 4 _a519.233
_222
_bPIN
100 1 _aPinsky, Ross, G.,
_eauthor.
_93861
245 1 0 _aPositive harmonic functions and diffusion /
_cRoss G. Pinsky, Department of Mathematics, Technion - Israel Institute of Technology.
250 _aReprint edition.
264 1 _aCambridge ;
_aNew York :
_bCambridge University Press,
_c2008.
300 _axvi, 474 pages ;
_c24 cm.
336 _2rdacontent
_atext
_btxt
337 _aunmediated
_2rdamedia
_bn
338 _avolume
_bnc
_2rdacarrier
490 0 _aCambridge studies in advanced mathematics ;
_v45
504 _aIncludes bibliographical references and index.
650 7 _aDiffusion processes.
_2BUEsh
_93863
650 7 _aElliptic operators.
_2BUEsh
_93864
655 _vReading book
856 4 2 _3Publisher description
_uhttp://www.loc.gov/catdir/description/cam026/94011380.html
856 4 1 _3Table of contents
_uhttp://www.loc.gov/catdir/toc/cam027/94011380.html
942 _2ddc
_cBB
999 _c11333
_d11333